00554nam a22001812 4500001001100000005001700011008004100028020001700069040001500086245007400101250001300175260005300188300001700241650004600258700003200304700003300336852000300369000002422920151217152258.0130620s xx 000 0 eng d a0023895454 : aKABUcKABU10aWaste management concepts /cNeal K. Ostler, John T.Nielsen, editors. a1st ed. aUpper Saddle River, NJ. :bPrentice Hall,c1998. axii, 356 p. 0aHazardous wastesxManagement.@00001842151 aOstler, Neal K.@00001842161 aNielsen, John T.@00001842171